000 01627cam a22003617a 4500
001 16781336
003 OSt
005 20220725144619.0
008 110516s2010 maua a 001 0 eng
010 _a 2011377222
020 _a9780324786453 (pbk.)
020 _a032478645X (pbk;)
035 _a(OCoLC)ocn401337953
040 _aNUI
_cLC
_dNUI
_dBTCTA
_dYDXCP
_dUV0
_dDLC
042 _alccopycat
050 0 0 _aQA76.5.S45
082 0 0 _a004
_223
100 1 _aShelly, Gary B.
245 1 0 _aDiscovering computers 2010: living in a digital world, complete. /
_cGary B. Shelly, Misty E. Vermaat.
260 _aBoston, MA:
_bCourse Technology, Cengage Learning,
_c2010.
300 _a1 v. (various pagings) :
_bill. (chiefly col.) ;
_c28 cm.
490 1 _aShelly Cashman series
504 _aIncludes index.
505 _aContents: Introduction to computers -- The internet and world wide web -- Application software -- The components of the system unit -- Input -- Output -- Storage -- Operating systems and utility programs -- Communications and networks -- Database management -- Computer security and safety, ethics and privacy -- Information system development -- Programming languages and program development -- Enterprise computing -- Computer careers and certification --
650 0 _aComputers.
650 0 _aComputer science.
650 0 _aComputer networks.
700 1 _aVermaat, Misty.
800 1 _aShelly, Gary B.
_tShelly Cashman series.
906 _a7
_bcbc
_ccopycat
_d2
_encip
_f20
_gy-gencatlg
942 _2lcc
_cBK
999 _c9087
_d16587